000 00713nab a2200229 a 4500
005 20210223131710.0
008 991125s1985 mx 000 0 spa u
035 _aUPN01000183960
100 1 _aChiecher Costa, Analía Claudia
222 0 _aINNOVACION EDUCATIVA
245 0 0 _aTomando opciones en la universidad : entre el aprendizaje presencial y a distancia
260 _aMéxico
300 _a45-53
362 0 _a2010 Vol. 10, no. 52, jul.-sept.
653 0 _aEDUCACION A DISTANCIA
653 0 _aEDUCACION SUPERIOR
653 0 _aINTERNET
653 0 _aEDUCACION PRESENCIAL
700 1 _aDonolo, Danilo Silvio,
_ecoaut.
700 1 _aRinaudo, María Cristina,
_ecoaut.
_932126
905 _aArticulo
999 _c156063
_d156063